01093 2200409 4500001002100000005001500021035002000036008004100056245004900097100002000146260003800166300001200204084001600216082000800232650001600240020001800256990001800274990002000292990002000312990002000332990002000352990002000372990002000392990002000412990002000432990002100452990002100473990002100494990002100515990002100536990002100557990002100578990002100599990002100620990002100641990002100662INLIS00000000000035720240813102904 a0010-0724000357240813 0 ind 1 aEnsiklopedi Anak Nasional /cDelta Pamungkas aDelta Pamungkas aJakarta :bDelta Pamungkas,c2001 a66 hlm. a030 DEL e.3 a030 4aEnsiklopedi a979-9327-23-7 aP29/CP/24/357 aP29/CP/24/357.2 aP29/CP/24/357.3 aP29/CP/24/357.4 aP29/CP/24/357.5 aP29/CP/24/357.6 aP29/CP/24/357.7 aP29/CP/24/357.8 aP29/CP/24/357.9 aP29/CP/24/357.10 aP29/CP/24/357.11 aP29/CP/24/357.12 aP29/CP/24/357.13 aP29/CP/24/357.14 aP29/CP/24/357.15 aP29/CP/24/357.16 aP29/CP/24/357.17 aP29/CP/24/357.18 aP29/CP/24/357.19 aP29/CP/24/357.20